Statistiken für Tiere des Amazonas-Regenwaldes

Klicken Sie hier um das Quiz zu spielen!

Allgemein

  • Dieses Quiz wurde 147 mal gespielt
  • Das Durchschnittsergebnis liegt bei 6 aus 68

Antwortstatistiken

Antwort% Korrekt
Capybara
79%
Jaguar
78%
Riesenotter
33%
Abgottschlange
20%
Guppy
19%
Harpyie
19%
Monarchfalter
19%
Riesentukan
19%
Flachlandtapir
17%
Großer Ameisenbär
15%
Grüner Leguan
15%
Skalar
15%
Halsbandpekari
13%
Kaiserschnurrbarttamarin
13%
Neonsalmler
13%
Große Anakonda
12%
Roter Piranha
12%
Gelbbrustara
10%
Roter Brüllaffe
10%
Hoatzin
9%
Neunbinden-Gürteltier
9%
Zwergseidenäffchen
9%
Brasilianische Wanderspinne
7%
Brillenkaiman
7%
Goldaguti
7%
Hellroter Ara
7%
Grüne Hundskopfboa
6%
Riesenvogelspinne
6%
Schwarzer Pacu
6%
24-Stunden-Ameise
5%
Arowana
5%
Kahnschnabel
5%
Südlicher Tamandua
5%
Weißkopfsaki
5%
Brillenkauz
4%
Goldteju
4%
Königsgeier
4%
Waldhund
4%
Färberfrosch
3%
Regenbogenboa
3%
Riesenbockkäfer
3%
Rothandtamarin
3%
Schwefeltyrann
3%
Südamerikanischer Nasenbär
3%
Waldstorch
3%
Cayenne-Klippenvogel
2%
Fächerpapagei
2%
Kirschflecksalmler
2%
Südamerikanischer Ochsenfrosch
2%
Türkisnaschvogel
2%
Zitronensalmler
2%
Bindenwollrücken
1%
Braunkehl-Faultier
1%
Gewöhnlicher Totenkopfaffe
1%
Rubintyrann
1%
Topaskolibri
1%
Zebrakauz
1%
Zuckervogel
1%
Brauner Wollaffe
0%
Fahlkopfspecht
0%
Gelbgebänderter Baumsteiger
0%
Gelbscheitelamazone
0%
Goldmanteltamarin
0%
Grüne Ameive
0%
Grünorganist
0%
Maikong
0%
Roter Uakari
0%
Schwarzgesichtklammeraffe
0%

Verteilung der Resultate

Perzentil nach korrekt beantworteten Fragen

Anzahl Personen mit jedem Resultat

Ihre Resultats-Entwicklung

Sie haben dieses Quiz noch nicht gespielt